Akta Mahkamah Rendah 1948 (Akta 92) & Akta Kaedah-kaedah Mahkamah Rendah 1955 (Akta 55) : (Hingga 5hb Mac 2013)

Bibliographic Details
Corporate Authors: Malaysia, International Law Book Services. Lembaga Penyelidikan Undang-Undang
Format: Book
Language:Malay
Published: Petaling Jaya : International Law Book Services , 2013
Subjects:

MARC

LEADER 00000cam a2200000 7i4500
001 0000025599
005 20140922.0
008 220914 my # may
020 |a 9789678923576 ,   |c RM15.00 
040 |a INS 
090 0 0 |a KPG3451   |b M4 2013 
110 1 |a Malaysia 
240 0 0 |a [Akta Mahkamah Rendah 1948 (Akta 92)] 
245 1 0 |a Akta Mahkamah Rendah 1948 (Akta 92) & Akta Kaedah-kaedah Mahkamah Rendah 1955 (Akta 55) :   |b (Hingga 5hb Mac 2013)   |c Disusun oleh Lembaga Penyelidikan Undang-Undang 
260 |a Petaling Jaya :   |b International Law Book Services ,   |c 2013 
300 |a 58 p. ;   |c 24 cm. 
650 0 0 |a Courts   |z Malaysia 
710 1 |a International Law Book Services. Lembaga Penyelidikan Undang-Undang 
740 0 |a Undang-Undang Malaysia 
999 |a 1000001917   |b BOOK   |c Open Shelf   |e Default branch